Hoa tư dẫn

সংরক্ষণ করুন:
গ্রন্থ-পঞ্জীর বিবরন
প্রধান লেখক: Đường Thất Công Tử
বিন্যাস: গ্রন্থ
ভাষা:Undetermined
প্রকাশিত: Hà Nội Văn học 2012
বিষয়গুলি:
ট্যাগগুলো: ট্যাগ যুক্ত করুন
কোনো ট্যাগ নেই, প্রথমজন হিসাবে ট্যাগ করুন!
Thư viện lưu trữ: Trung tâm Học liệu Trường Đại học Cần Thơ
LEADER 00614nam a2200193Ia 4500
001 CTU_181139
008 210402s9999 xx 000 0 und d
020 |c 89000 
082 |a 895.1 
082 |b Đ561/T.1 
100 |a Đường Thất Công Tử 
245 0 |a Hoa tư dẫn 
245 0 |c Đường Thất Công Tử; Nguyễn Thành Phước (dịch) 
260 |a Hà Nội 
260 |b Văn học 
260 |c 2012 
650 |a Chinese literature,Văn học Trung Quốc hiện đại 
910 |a Nguyên 
980 |a Trung tâm Học liệu Trường Đại học Cần Thơ